[Event "Novokuznetsk-ch"]
[Site "Novokuznetsk"]
[Date "2014.05.01"]
[Round "1"]
[White "Permyakov, Evgeniy"]
[Black "Nigametzianov, Mikhail"]
[Result "0-1"]
[WhiteElo "2125"]
[BlackElo "2391"]
[PlyCount "146"]
[EventDate "2014.05.01"]
[EventType "swiss"]
[EventRounds "9"]
[EventCountry "RUS"]
[SourceTitle "CBM 160 Extra"]
[Source "ChessBase"]
[SourceDate "2014.07.01"]
[SourceVersion "1"]
[SourceVersionDate "2014.07.01"]
[SourceQuality "1"]

1. d4 d5 2. Nf3 e6 3. c4 Nf6 4. Nc3 Be7 5. cxd5 exd5 6. Bg5 c6 7. e3 Nbd7 8. Bd3 Nf8 9. Qc2 Ne6 10. Bh4 g6 11. 0-0 Ng7 12. Rae1 0-0 13. h3 Bf5 14. Ne5 Bxd3 15. Nxd3 Nd7 16. Bxe7 Qxe7 17. Na4 Rfe8 18. Nac5 Nxc5 19. Qxc5 Qg5 20. Qd6 Nf5 21. Qf4 Qe7 22. Rc1 Rad8 23. Ne5 f6 24. Nd3 Nd6 25. Nc5 Qf7 26. Rc2 g5 27. Qf3 Qg6 28. Rfc1 Re7 29. g3 Rde8 30. Kh2 h5 31. Rc3 Rh7 32. Rg1 Ree7 33. Rcc1 h4 34. g4 Rhf7 35. Rg2 Rf8 36. Qd1 Qe8 37. Qc2 Kg7 38. Rcg1 Qb8 39. Kh1 b6 40. Nd3 Qb7 41. Rc1 Rc8 42. b4 Nc4 43. Ne1 Qc7 44. Nf3 Qd6 45. Rb1 Na3 46. Qf5 Rh8 47. Rb3 Nc4 48. Qd3 b5 49. Qd1 Ra8 50. Ne1 a5 51. a3 axb4 52. axb4 Rea7 53. Nd3 Ra2 54. Nc5 Nxe3 55. Rxe3 Ra1 56. Rg1 Rxd1 57. Rxd1 Kg6 58. Kg2 Ra2 59. Rdd3 Qf4 60. Rf3 Qc1 61. Nb3 Qb1 62. Rde3 Ra7 63. Re6 Rf7 64. Rxc6 Qe1 65. Nc5 Qxb4 66. Ne6 Qe1 67. Nc5 Qd1 68. Nb3 Kg7 69. Rd6 b4 70. Rxd5 Re7 71. Nc5 Re1 72. Rd7+ Kg6 73. Rd3 Rg1+ 0-1

[Event "Novokuznetsk op"]
[Site "Novokuznetsk"]
[Date "2013.08.19"]
[Round "9"]
[White "Nigametzianov, Mikhail"]
[Black "Kuznetsov, Evgeny"]
[Result "0-1"]
[WhiteElo "2403"]
[BlackElo "2190"]
[PlyCount "90"]
[EventDate "2013.08.11"]
[EventType "swiss"]
[EventRounds "9"]
[EventCountry "RUS"]
[SourceTitle "CBM 156 Extra"]
[Source "ChessBase"]
[SourceDate "2013.10.22"]
[SourceVersion "1"]
[SourceVersionDate "2013.10.22"]
[SourceQuality "1"]

1. d4 Nf6 2. Nf3 g6 3. c4 Bg7 4. Nc3 0-0 5. g3 d6 6. Bg2 Nbd7 7. 0-0 e5 8. h3 c6 9. Qc2 exd4 10. Nxd4 Nb6 11. Na4 d5 12. cxd5 Nfxd5 13. e3 Qe7 14. Bd2 Nxa4 15. Qxa4 Nb6 16. Qc2 Rd8 17. Rac1 Bd7 18. a3 Nd5 19. Rfd1 Rac8 20. b4 Nb6 21. Be1 Be8 22. h4 Bd7 23. Bf3 h5 24. Qe2 Nd5 25. Nb3 Nf6 26. Bc3 b6 27. Qb2 c5 28. bxc5 bxc5 29. Na5 Ba4 30. Re1 Qe6 31. Be5 c4 32. Kg2 Rc5 33. Bc3 Rb5 34. Qe2 Rc8 35. Bb4 Rf5 36. Rxc4 Bb5 37. Rxc8+ Qxc8 38. Qd1 Ng4 39. e4 Rf6 40. Qd2 Qe6 41. Qd1 Kh7 42. Qb3 Qb6 43. Qc2 Ne5 44. Bxh5 Nd3 45. Bxg6+ fxg6 0-1

[Event "Novokuznetsk op"]
[Site "Novokuznetsk"]
[Date "2013.08.18"]
[Round "8"]
[White "Maleev, Pavel"]
[Black "Nigametzianov, Mikhail"]
[Result "1/2-1/2"]
[WhiteElo "2221"]
[BlackElo "2403"]
[PlyCount "101"]
[EventDate "2013.08.11"]
[EventType "swiss"]
[EventRounds "9"]
[EventCountry "RUS"]
[SourceTitle "CBM 156 Extra"]
[Source "ChessBase"]
[SourceDate "2013.10.22"]
[SourceVersion "1"]
[SourceVersionDate "2013.10.22"]
[SourceQuality "1"]

1. d4 d5 2. Nf3 c6 3. Bf4 Nf6 4. e3 Qb6 5. Qc1 Bf5 6. Be2 e6 7. Nbd2 Be7 8. 0-0 0-0 9. Ne5 Nfd7 10. g4 Bg6 11. Nxg6 hxg6 12. c3 c5 13. Bg3 Nc6 14. Nf3 Rfe8 15. Rd1 Nf6 16. Ne5 Nxe5 17. Bxe5 Bd6 18. Bxd6 Qxd6 19. dxc5 Qxc5 20. Qd2 g5 21. Bf3 Qe7 22. Rac1 Rac8 23. Qe2 Rc5 24. e4 dxe4 25. Bxe4 Qc7 26. Bg2 Re5 27. Qf3 Re4 28. h3 Qe5 29. Qd3 Re2 30. Rc2 Rxc2 31. Qxc2 b6 32. Qd2 Rc8 33. Re1 Qc5 34. Re3 g6 35. Rd3 Qe5 36. Re3 Qf4 37. Qd1 Kg7 38. b3 Rc7 39. Rd3 Qe5 40. c4 Rc5 41. Re3 Qc7 42. Qd4 b5 43. Bf1 bxc4 44. Bxc4 e5 45. Qd2 a5 46. Rd3 e4 47. Rd6 Re5 48. Qd4 Qe7 49. Ra6 Qc5 50. Qxc5 Rxc5 51. Ra7 1/2-1/2

[Event "Novokuznetsk-ch"]
[Site "Novokuznetsk"]
[Date "2013.05.11"]
[Round "8"]
[White "Vorobyova, Alyona"]
[Black "Nigametzianov, Mikhail"]
[Result "0-1"]
[WhiteElo "2001"]
[BlackElo "2403"]
[PlyCount "76"]
[EventDate "2013.05.01"]
[EventType "swiss"]
[EventRounds "9"]
[EventCountry "RUS"]
[SourceTitle "CBM 154 Extra"]
[Source "ChessBase"]
[SourceDate "2013.06.25"]
[SourceVersion "2"]
[SourceVersionDate "2013.06.25"]
[SourceQuality "1"]

1. e4 c5 2. c4 Nc6 3. Ne2 g6 4. d4 cxd4 5. Nxd4 Bg7 6. Be3 Nf6 7. Nc3 0-0 8. Be2 d6 9. 0-0 Bd7 10. Qd2 Rc8 11. f3 a6 12. Rac1 Nxd4 13. Bxd4 Be6 14. b3 Qa5 15. Rfd1 Nd7 16. Bxg7 Kxg7 17. Kh1 f6 18. Bd3 Rc7 19. Qb2 Rfc8 20. Bb1 Qe5 21. Qd2 b5 22. f4 Qh5 23. cxb5 Rxc3 24. Rxc3 Rxc3 25. bxa6 Rc7 26. Rf1 Qc5 27. h3 Qb6 28. Bd3 Qd4 29. Qe2 Nc5 30. Bb1 Bc8 31. Rd1 Bxa6 32. Qe1 Qb2 33. Qa5 Rb7 34. Kg1 Be2 35. Re1 Bd3 36. Bxd3 Nxd3 37. Rf1 Qd4+ 38. Kh2 Qxe4 0-1

[Event "Novokuznetsk-ch"]
[Site "Novokuznetsk"]
[Date "2013.05.03"]
[Round "3"]
[White "Nigametzianov, Mikhail"]
[Black "Lavrov, Sergey Viktorovich"]
[Result "1-0"]
[WhiteElo "2403"]
[BlackElo "2373"]
[PlyCount "55"]
[EventDate "2013.05.01"]
[EventType "swiss"]
[EventRounds "9"]
[EventCountry "RUS"]
[SourceTitle "CBM 154 Extra"]
[Source "ChessBase"]
[SourceDate "2013.06.25"]
[SourceVersion "2"]
[SourceVersionDate "2013.06.25"]
[SourceQuality "1"]

1. Nf3 Nf6 2. d4 d5 3. Bg5 c6 4. e3 g6 5. Be2 Bg7 6. 0-0 0-0 7. c4 b6 8. Nc3 Bb7 9. Qb3 Nbd7 10. cxd5 cxd5 11. a4 a6 12. Rfc1 h6 13. Bh4 e6 14. Ne5 g5 15. Bg3 Rc8 16. Rc2 Qe7 17. Rac1 Nxe5 18. Bxe5 Nd7 19. Bxg7 Kxg7 20. Bd3 Rfd8 21. Ne2 Rxc2 22. Bxc2 Rc8 23. Ng3 a5 24. Qd3 Nf6 25. Nh5+ Kf8 26. Nxf6 Qxf6 27. Rf1 Qg6 28. Qa3+ 1-0

[Event "Kemerovo Kuzbass Cup"]
[Site "Kemerovo"]
[Date "2012.09.04"]
[Round "7"]
[White "Smirnov, Pavel"]
[Black "Nigametzianov, Mikhail"]
[Result "1-0"]
[WhiteElo "2599"]
[BlackElo "2416"]
[PlyCount "83"]
[EventDate "2012.08.29"]
[EventType "swiss"]
[EventRounds "7"]
[EventCountry "RUS"]
[SourceTitle "CBM 150 Extra"]
[Source "ChessBase"]
[SourceDate "2012.10.19"]
[SourceVersion "1"]
[SourceVersionDate "2012.10.19"]
[SourceQuality "1"]

1. d4 Nf6 2. c4 e6 3. Nc3 Bb4 4. Qc2 0-0 5. Nf3 c5 6. dxc5 Qa5 7. Bd2 Qxc5 8. e3 d5 9. a3 Bxc3 10. Bxc3 a5 11. Bd3 Nbd7 12. cxd5 exd5 13. 0-0 Re8 14. Rac1 Ne4 15. Bd4 Qxc2 16. Rxc2 Nf8 17. Rfc1 Ne6 18. Bb5 Rf8 19. Be5 f6 20. Bc7 Nxc7 21. Rxc7 Nd6 22. Nd4 Rd8 23. Bd3 Ne8 24. R7c5 Kf7 25. Rb5 g6 26. Rcc5 Nd6 27. Rxa5 Rxa5 28. Rxa5 Be6 29. Rc5 Rc8 30. Rxc8 Bxc8 31. Kf1 h6 32. Ke1 g5 33. Kd2 Ke7 34. Kc3 Bd7 35. b4 b6 36. Kb3 h5 37. a4 Kd8 38. a5 Kc7 39. Kc3 bxa5 40. bxa5 Nc8 41. Kb4 Kd6 42. Bf5 1-0

[Event "Kemerovo op 08"]
[Site "Kemerovo"]
[Date "2010.08.24"]
[Round "5"]
[White "Konyshev, Artem"]
[Black "Nigametzianov, Mikhail"]
[Result "1/2-1/2"]
[WhiteElo "2368"]
[BlackElo "2398"]
[PlyCount "61"]
[EventDate "2010.08.21"]
[EventType "swiss"]
[EventRounds "9"]
[EventCountry "RUS"]
[SourceTitle "CBM 138 Extra"]
[Source "ChessBase"]
[SourceDate "2010.10.29"]
[SourceVersion "1"]
[SourceVersionDate "2010.10.29"]
[SourceQuality "1"]

1. c4 Nf6 2. Nc3 e5 3. g3 Bb4 4. Bg2 0-0 5. e4 Bxc3 6. bxc3 d6 7. Ne2 Be6 8. d3 a6 9. a4 Qc8 10. h3 Nfd7 11. g4 Nc6 12. f4 exf4 13. Nxf4 Ne7 14. 0-0 Ne5 15. Nd5 Nxd5 16. cxd5 Bd7 17. Bf4 h5 18. Bxe5 dxe5 19. g5 g6 20. Qf3 c6 21. c4 cxd5 22. exd5 e4 23. dxe4 Qxc4 24. a5 Bb5 25. Kh1 Rae8 26. Rfe1 Re5 27. h4 Rfe8 28. Kg1 Qb4 29. Qg3 Bd7 30. Kh2 Bb5 31. Reb1 1/2-1/2

[Event "Kemerovo op 08"]
[Site "Kemerovo"]
[Date "2010.08.22"]
[Round "3"]
[White "Sitnikov, Dmitrij"]
[Black "Nigametzianov, Mikhail"]
[Result "1/2-1/2"]
[WhiteElo "2434"]
[BlackElo "2398"]
[PlyCount "64"]
[EventDate "2010.08.21"]
[EventType "swiss"]
[EventRounds "9"]
[EventCountry "RUS"]
[SourceTitle "CBM 138 Extra"]
[Source "ChessBase"]
[SourceDate "2010.10.29"]
[SourceVersion "1"]
[SourceVersionDate "2010.10.29"]
[SourceQuality "1"]

1. e4 e5 2. Nf3 Nc6 3. Bb5 a6 4. Ba4 d6 5. c3 Bd7 6. 0-0 g6 7. d4 Bg7 8. Re1 Qe7 9. Bg5 f6 10. Be3 Nh6 11. Nbd2 Nf7 12. a3 0-0 13. Rc1 Kh8 14. b4 Qe8 15. Bb3 Ne7 16. a4 f5 17. dxe5 Nxe5 18. Nxe5 dxe5 19. exf5 gxf5 20. f4 e4 21. a5 Rd8 22. Qe2 Bb5 23. Qf2 Rd3 24. Bc5 Qd7 25. Nc4 Bxc4 26. Bxc4 Rd2 27. Re2 Rxe2 28. Qxe2 Rd8 29. Qa2 Bf6 30. Bb3 Qc6 31. Ba4 Qd5 32. Bb3 Qc6 1/2-1/2

[Event "Novokuznetsk Goryainov op"]
[Site "Novokuznetsk"]
[Date "2010.08.18"]
[Round "7"]
[White "Khanin, Semen"]
[Black "Nigametzianov, Mikhail"]
[Result "0-1"]
[WhiteElo "1966"]
[BlackElo "2396"]
[PlyCount "118"]
[EventDate "2010.08.12"]
[EventType "swiss"]
[EventRounds "9"]
[EventCountry "RUS"]
[SourceTitle "CBM 138 Extra"]
[Source "ChessBase"]
[SourceDate "2010.10.29"]
[SourceVersion "1"]
[SourceVersionDate "2010.10.29"]
[SourceQuality "1"]

1. e4 e5 2. Nf3 Nc6 3. Bb5 a6 4. Ba4 d6 5. 0-0 Bd7 6. c3 g6 7. d4 Bg7 8. h3 Nf6 9. Re1 0-0 10. Bg5 h6 11. Bh4 Re8 12. dxe5 Nxe5 13. Nxe5 Rxe5 14. f4 Bxa4 15. Qxa4 Rh5 16. Bg3 d5 17. Nd2 dxe4 18. Nxe4 Nxe4 19. Qxe4 Rd5 20. Re2 b5 21. Rae1 Bf6 22. f5 Rxf5 23. Qc6 Qd5 24. Qxa8+ Qxa8 25. Re8+ Qxe8 26. Rxe8+ Kg7 27. Bxc7 Rd5 28. Kf2 h5 29. Re2 g5 30. Rc2 Kg6 31. Ke3 Rd7 32. Bb8 Re7+ 33. Kf3 Re1 34. b3 Re8 35. Bd6 Rd8 36. Bb4 Kf5 37. g4+ Kg6 38. gxh5+ Kxh5 39. c4 bxc4 40. bxc4 Rd3+ 41. Kg2 Be5 42. Be1 f5 43. Re2 Bc7 44. Re7 Bf4 45. Rh7+ Kg6 46. Rb7 Ra3 47. Rb2 Be5 48. Re2 Kf6 49. c5 f4 50. Rc2 Ke6 51. c6 Bc7 52. Rd2 a5 53. Kh2 Re3 54. Rd7 Bb6 55. Bd2 Re2+ 56. Kh1 f3 57. Rd3 f2 58. Kg2 Re1 59. Rf3 Rg1+ 0-1

[Event "Novokuznetsk Goryainov op"]
[Site "Novokuznetsk"]
[Date "2010.08.15"]
[Round "4"]
[White "Nigametzianov, Mikhail"]
[Black "Malezkey, Vladimir"]
[Result "1-0"]
[WhiteElo "2396"]
[BlackElo "2087"]
[PlyCount "111"]
[EventDate "2010.08.12"]
[EventType "swiss"]
[EventRounds "9"]
[EventCountry "RUS"]
[SourceTitle "CBM 138 Extra"]
[Source "ChessBase"]
[SourceDate "2010.10.29"]
[SourceVersion "1"]
[SourceVersionDate "2010.10.29"]
[SourceQuality "1"]

1. d4 Nf6 2. Nf3 g6 3. c4 Bg7 4. g3 0-0 5. Bg2 d6 6. 0-0 c6 7. Nc3 Nbd7 8. h3 Re8 9. Qc2 Nf8 10. e4 e5 11. Be3 Qc7 12. Rad1 b6 13. Qc1 Ba6 14. b3 Rad8 15. Qa3 Bc8 16. d5 Bd7 17. dxc6 Bxc6 18. Nd2 Qb7 19. Nd5 Ne6 20. Nb1 Bxd5 21. cxd5 Nc5 22. b4 Ncd7 23. Rc1 Rc8 24. Nd2 Bf8 25. Rfe1 h6 26. Bf1 Nb8 27. Bd3 Red8 28. Kh2 Kh7 29. Qb3 Rxc1 30. Rxc1 Rc8 31. Rc4 Ne8 32. a4 Be7 33. a5 Bd8 34. Rxc8 Qxc8 35. Qa4 Ng7 36. Nc4 bxa5 37. Bxa7 axb4 38. Nxd6 Qc7 39. Nb5 Qb7 40. Qxb4 Bb6 41. Bxb6 Qxb6 42. Kg2 Nd7 43. Qe7 Nc5 44. Bc4 Nxe4 45. Qxf7 Ng5 46. Qf8 Qb7 47. h4 N5e6 48. Qd6 Qc8 49. Bf1 Nf4+ 50. Kg1 Qf5 51. gxf4 Qg4+ 52. Bg2 exf4 53. f3 Qxh4 54. Qe5 Nf5 55. d6 Ne3 56. Qe7+ 1-0

[Event "Novokuznetsk Summer op"]
[Site "Novokuznetsk"]
[Date "2010.06.18"]
[Round "4"]
[White "Nigametzianov, Mikhail"]
[Black "Anokhin, Viktor T"]
[Result "1/2-1/2"]
[WhiteElo "2396"]
[BlackElo "2100"]
[PlyCount "127"]
[EventDate "2010.06.15"]
[EventType "swiss"]
[EventRounds "11"]
[EventCountry "RUS"]
[SourceTitle "EXT 2011"]
[Source "ChessBase"]
[SourceDate "2010.11.26"]
[SourceVersion "1"]
[SourceVersionDate "2010.11.26"]
[SourceQuality "1"]

1. d4 d5 2. c4 c6 3. Nf3 Nf6 4. Nc3 e6 5. e3 Bb4 6. a3 Be7 7. g4 h6 8. Qc2 Nbd7 9. Rg1 dxc4 10. Bxc4 Nb6 11. Be2 Nfd5 12. Bd2 Nxc3 13. bxc3 c5 14. a4 Qc7 15. a5 Nd7 16. Qd3 a6 17. h4 Nb8 18. g5 hxg5 19. hxg5 g6 20. Ne5 Nc6 21. Nc4 Rb8 22. Bf3 Bd7 23. Nb6 cxd4 24. cxd4 Bb4 25. Bxc6 Bxd2+ 26. Kxd2 Bxc6 27. Rac1 Rd8 28. Rg4 Qe7 29. Rc5 Rh2 30. Rf4 Rg2 31. Qc3 Rxg5 32. Rh4 Rh5 33. Rcxh5 gxh5 34. Rxh5 Qf6 35. f4 Qg7 36. Rh2 e5 37. fxe5 Qxe5 38. Rh6 Qg7 39. Rh2 Rd6 40. Qc5 Rg6 41. Nc4 Rg2+ 42. Rxg2 Qxg2+ 43. Kc3 Qg3 44. Qe5+ Qxe5 45. Nxe5 Bd5 46. Kb4 f6 47. Nd3 f5 48. Kc5 Be4 49. Ne5 Kd8 50. Nc4 Kc7 51. Nb6 Bd3 52. d5 Bb5 53. d6+ Kd8 54. Kd5 Bd3 55. Ke6 Bc2 56. d7 Bd3 57. Ke5 Be4 58. Na4 Kxd7 59. Nc5+ Kc6 60. Nxe4 fxe4 61. Kxe4 Kb5 62. Kd5 Kxa5 63. e4 Kb6 64. Kd6 1/2-1/2

[Event "Novokuznetsk Summer op"]
[Site "Novokuznetsk"]
[Date "2010.06.17"]
[Round "3"]
[White "Shukan, Alexander"]
[Black "Nigametzianov, Mikhail"]
[Result "1-0"]
[WhiteElo "2232"]
[BlackElo "2396"]
[PlyCount "69"]
[EventDate "2010.06.15"]
[EventType "swiss"]
[EventRounds "11"]
[EventCountry "RUS"]
[SourceTitle "EXT 2011"]
[Source "ChessBase"]
[SourceDate "2010.11.26"]
[SourceVersion "1"]
[SourceVersionDate "2010.11.26"]
[SourceQuality "1"]

1. e4 c5 2. Nc3 Nc6 3. g3 Rb8 4. Bg2 b5 5. d3 e6 6. f4 d6 7. Nh3 Bd7 8. 0-0 Nge7 9. f5 b4 10. fxe6 Bxe6 11. Nd5 Ne5 12. Bg5 Qd7 13. Nhf4 h6 14. Bxe7 Bxe7 15. Nxe6 fxe6 16. Bh3 Bd8 17. Nf4 Bf6 18. Bxe6 Qc6 19. Qh5+ Ke7 20. Nd5+ Kd8 21. Nxf6 gxf6 22. Rxf6 Kc7 23. Bd5 Qa4 24. b3 Qa3 25. Raf1 Qb2 26. Qf5 Rbd8 27. Qe6 Rd7 28. Bc4 Rhd8 29. Bb5 Rg7 30. Rf8 Rxf8 31. Rxf8 Qc1+ 32. Kg2 Qxc2+ 33. Kh3 Qd1 34. Rc8+ Kb7 35. Ba6+ 1-0

[Event "Novokuznetsk op"]
[Site "Novokuznetsk"]
[Date "2010.01.06"]
[Round "5"]
[White "Nikulin, Andrey N"]
[Black "Nigametzianov, Mikhail"]
[Result "0-1"]
[WhiteElo "2171"]
[BlackElo "2396"]
[PlyCount "202"]
[EventDate "2010.01.02"]
[EventType "swiss"]
[EventRounds "10"]
[EventCountry "RUS"]
[SourceTitle "CBM 134 Extra"]
[Source "ChessBase"]
[SourceDate "2010.03.03"]
[SourceVersion "1"]
[SourceVersionDate "2010.03.03"]
[SourceQuality "1"]

1. Nf3 Nf6 2. g3 b6 3. Bg2 Bb7 4. 0-0 e6 5. d4 c5 6. c3 Be7 7. Bg5 h6 8. Bxf6 Bxf6 9. Nbd2 0-0 10. e4 cxd4 11. cxd4 d5 12. e5 Be7 13. a3 Nc6 14. b4 Ba6 15. Re1 Rc8 16. Rc1 Qd7 17. Qa4 Bb7 18. Qb3 Rc7 19. Qb2 Rfc8 20. Bf1 Qd8 21. Bd3 Qf8 22. Nb1 Nb8 23. Rxc7 Rxc7 24. Nc3 a6 25. Na4 Nd7 26. Qe2 a5 27. bxa5 bxa5 28. Qd2 Qa8 29. Ra1 Qa7 30. Bb5 Nb6 31. Nxb6 Qxb6 32. a4 Bb4 33. Qe2 Rc3 34. Rd1 Bc6 35. Bxc6 Qxc6 36. Ra1 Qc4 37. Qxc4 dxc4 38. Ne1 Rb3 39. Nc2 Rb2 40. Ne3 c3 41. Rc1 Rd2 42. Nc2 Kf8 43. Kg2 Ke7 44. Kf3 Kd7 45. Ke3 Kc6 46. Na3 Kd5 47. Nb1 Rxd4 48. Nxc3+ Bxc3 49. Rxc3 Re4+ 50. Kd3 Rxe5 51. Rc7 Rf5 52. f4 g5 53. Ke3 gxf4+ 54. gxf4 f6 55. Rb7 e5 56. fxe5 Rxe5+ 57. Kf3 Ke6 58. h4 Kf5 59. h5 Kg5 60. Rb6 Rf5+ 61. Kg3 Kxh5 62. Rb5 Kg6 63. Rb7 h5 64. Rb5 Kg5 65. Kh3 Re5 66. Kg3 Kf5 67. Rb6 Kg5 68. Rb5 Kg6 69. Kh3 Rg5 70. Kh2 Kf7 71. Rb7+ Ke6 72. Rb6+ Ke5 73. Kh3 Rf5 74. Kg3 Ke4 75. Ra6 Kd4 76. Rc6 Kd5 77. Rc8 Rg5+ 78. Kh4 Ke6 79. Rc6+ Kf7 80. Ra6 Kg6 81. Kh3 Re5 82. Kg3 Kg5 83. Rb6 h4+ 84. Kf3 Rf5+ 85. Kg2 Kg4 86. Rb5 Re5 87. Kf2 h3 88. Kg1 Re1+ 89. Kh2 Re2+ 90. Kg1 f5 91. Rc5 Ra2 92. Rc8 Rxa4 93. Rg8+ Kf4 94. Kh2 Ra3 95. Re8 a4 96. Re7 Re3 97. Ra7 a3 98. Ra8 Ke4 99. Ra4+ Kd5 100. Rf4 Ke5 101. Ra4 Rf3 0-1

[Event "Novokuznetsk op"]
[Site "Novokuznetsk"]
[Date "2010.01.02"]
[Round "1"]
[White "Medvedev, Emelian"]
[Black "Nigametzianov, Mikhail"]
[Result "0-1"]
[WhiteElo "2112"]
[BlackElo "2396"]
[PlyCount "102"]
[EventDate "2010.01.02"]
[EventType "swiss"]
[EventRounds "10"]
[EventCountry "RUS"]
[SourceTitle "CBM 134 Extra"]
[Source "ChessBase"]
[SourceDate "2010.03.03"]
[SourceVersion "1"]
[SourceVersionDate "2010.03.03"]
[SourceQuality "1"]

1. d4 d5 2. c4 c6 3. Nf3 Nf6 4. e3 e6 5. b3 Nbd7 6. Bb2 Bd6 7. Nbd2 Qe7 8. Ne5 Ba3 9. Bxa3 Qxa3 10. f4 c5 11. Bd3 cxd4 12. exd4 dxc4 13. Ndxc4 Qb4+ 14. Qd2 Qxd2+ 15. Kxd2 Ke7 16. Rhe1 Rd8 17. Rac1 Nd5 18. Nd6 Kxd6 19. Nxf7+ Ke7 20. Nxd8 Kxd8 21. f5 exf5 22. Bxf5 h6 23. g3 N7b6 24. Bxc8 Nxc8 25. a3 Nce7 26. Re5 Kd7 27. Rf1 Nf6 28. h3 Rd8 29. Kc3 Nc6 30. Re2 Kc7 31. Rd1 Rd5 32. b4 Kd6 33. a4 a6 34. g4 h5 35. Rg1 hxg4 36. hxg4 Rxd4 37. b5 axb5 38. axb5 Nd5+ 39. Kc2 Ncb4+ 40. Kb2 Kc5 41. Rg3 Kxb5 42. Re6 Kc4 43. Rg6 Rd2+ 44. Kc1 Rf2 45. Rxg7 b5 46. Rd7 Nc3 47. Rc7+ Kd4 48. Rd7+ Ke5 49. Rxc3 Na2+ 50. Kd1 Nxc3+ 51. Ke1 Rg2 0-1

[Event "Novokuznetsk-ch"]
[Site "Novokuznetsk"]
[Date "2009.05.07"]
[Round "11"]
[White "Vladimirov, Mikhail"]
[Black "Nigametzianov, Mikhail"]
[Result "0-1"]
[WhiteElo "2171"]
[BlackElo "2413"]
[PlyCount "98"]
[EventDate "2009.04.29"]
[EventType "tourn"]
[EventRounds "11"]
[EventCountry "RUS"]
[EventCategory "3"]
[SourceTitle "EXT 2012"]
[Source "ChessBase"]
[SourceDate "2011.11.24"]
[SourceVersion "1"]
[SourceVersionDate "2011.11.24"]
[SourceQuality "1"]

1. e4 e5 2. f4 exf4 3. Nf3 Ne7 4. Bc4 d5 5. exd5 Nxd5 6. Bxd5 Qxd5 7. Nc3 Qd8 8. 0-0 Be7 9. d4 0-0 10. Bxf4 c6 11. Kh1 Be6 12. Ne4 Na6 13. Nfg5 Bf5 14. Qe2 Bg6 15. c3 Nc7 16. Rae1 Nd5 17. Bc1 Qd7 18. Nf3 Nf6 19. Ne5 Qd8 20. Ng5 Nd5 21. Nxg6 hxg6 22. Nf3 Bf6 23. Qd3 Qd6 24. Bg5 Rfe8 25. Bxf6 gxf6 26. Nd2 Rxe1 27. Rxe1 Kg7 28. Nc4 Qf4 29. Rf1 Qh4 30. Qf3 Re8 31. g3 Qh3 32. Nd6 Re3 33. Qf2 b5 34. Re1 Qe6 35. Rxe3 Nxe3 36. Qf3 Qxd6 37. Qxe3 Qd5+ 38. Kg1 Qxa2 39. b4 Qd5 40. Qf4 a6 41. Qe3 f5 42. Qe1 Qe4 43. Qd1 f6 44. Qc1 g5 45. Qd2 Kh6 46. Qc1 Qe2 47. h4 Kh5 48. hxg5 fxg5 49. Qa3 Kg4 0-1

[Event "Novokuznetsk-ch"]
[Site "Novokuznetsk"]
[Date "2009.05.02"]
[Round "6"]
[White "Iskusnyh, Sergei"]
[Black "Nigametzianov, Mikhail"]
[Result "1/2-1/2"]
[WhiteElo "2471"]
[BlackElo "2413"]
[PlyCount "76"]
[EventDate "2009.04.29"]
[EventType "tourn"]
[EventRounds "11"]
[EventCountry "RUS"]
[EventCategory "3"]
[SourceTitle "EXT 2012"]
[Source "ChessBase"]
[SourceDate "2011.11.24"]
[SourceVersion "1"]
[SourceVersionDate "2011.11.24"]
[SourceQuality "1"]

1. d4 d5 2. c4 e6 3. Nf3 Nf6 4. g3 dxc4 5. Bg2 Nc6 6. 0-0 Be7 7. Qa4 Nd7 8. Qxc4 e5 9. dxe5 Ndxe5 10. Nxe5 Nxe5 11. Qe4 Ng4 12. Nc3 c6 13. Bg5 Be6 14. Rad1 Qc7 15. Bf4 Qa5 16. Bd6 Nf6 17. Qf4 Bxd6 18. Rxd6 0-0 19. Rfd1 Rad8 20. e4 Rxd6 21. Qxd6 Re8 22. h3 h6 23. Rd2 Qh5 24. g4 Qh4 25. e5 Nd5 26. Nxd5 Bxd5 27. Bxd5 cxd5 28. Kg2 h5 29. f3 Qe1 30. Qxd5 Rxe5 31. Qd8+ Re8 32. Qd4 a6 33. Qf2 Qe6 34. a3 Qe5 35. Rd4 Qb5 36. Rd2 Qe5 37. Rd4 Qb5 38. Rd2 Qe5 1/2-1/2